| 000 | 00356nam a22001217a 4500 | ||
|---|---|---|---|
| 008 | 230606b xxu||||| |||| 00| 0 eng d | ||
| 020 | _a8120312392 | ||
| 082 | _a658/007/2 | ||
| 245 |
_aEssentials of Organizational Behavior _cStephen P. Robbins |
||
| 260 |
_aNew Delhi, India _bPrentice-Hall of India Private Limited _c2000 |
||
| 300 | _a296 p | ||
| 942 |
_2ddc _cBK |
||
| 999 |
_c680 _d680 |
||